guess kpop group based on members - Statistics

General Stats
  • This quiz has been taken 1,410 times
  • The average score is 17 of 23
Answer Stats
Hint Answer % Correct
winter aespa
96%
v bts
96%
jisoo blackpink
94%
sana twice
90%
beomgyu txt
87%
sunoo enhypen
85%
yuna itzy
85%
lily nmixx
85%
bambam got7
81%
tiffany girls generation
78%
wheein mamamoo
76%
jongho ateez
75%
yeri red velvet
75%
minghao seventeen
72%
chanyeol exo
69%
gaeul ive
69%
key shinee
69%
yunjin le sserafim
68%
sakura iz*one
65%
daesung big bang
60%
kun nct
52%
yesung super junior
52%
juyeon the boyz
50%
No matching quizzes found
Score Distribution
Percent of People with Each Score
Percentile by Number Answered
Your Score History
You have not taken this quiz